[Event "HCL-B3700"]
[Site "www.playchess.de"]
[Date "2006.01.05"]
[Round "2"]
[White "GMO"]
[Black "Gideon"]
[WhiteElo "1281"]
[BlackElo "1101"]
[PlyCount "74"]
[Result "0-1"]

1.e4 e5 2.Bc4 Nf6 3.d3 Nc6 4.Nf3 d5 5.exd5 Nxd5 
6.Bxd5 Qxd5 7.O-O Bg4 8.Nbd2 Bd6 9.h3 Bh5 10.Re1 
O-O-O 11.Qe2 g5 12.Qe4 Qe6 13.Nxg5 Qf6 14.Nc4 Nd4 
15.Na5 c6 16.Nxh7 Qg7 17.Ng5 Nxc2 18.Nxc6 Rd7 
19.Nxa7+ Kb8 20.Qa4 Nxe1 21.Qxd7 Bc7 22.Be3 Rd8 
23.Qa4 Nxd3 24.Rd1 Bxd1 25.Qxd1 f6 26.Ne6 Nxb2 
27.Nxg7 Nxd1 28.Nb5 Nxe3 29.fxe3 Bb6 30.Nf5 Rd3 
31.a3 Bxe3+ 32.Nxe3 Rxe3 33.Kf2 Rb3 34.a4 Rb4 
35.Nc3 Kc8 36.Nd5 Rxa4 37.Nxf6 
Rf4+ 0-1

[Event "HCL-B3739"]
[Site "www.playchess.de"]
[Date "2006.01.05"]
[Round "5"]
[White "saravanan"]
[Black "robert66"]
[WhiteElo "1200"]
[BlackElo "1435"]
[PlyCount "43"]
[Result "1-0"]

1.e4 e5 {Good luck from Barcelona (Spain)}  2.Nf3 
Nc6 3.Bc4 Nf6 4.Nc3 h6 5.d3 Bb4 6.a3 Ba5 7.b4 Bb6 
8.Be3 d6 9.h3 Bxe3 10.fxe3 a6 11.O-O O-O 12.d4 b5 
13.Bb3 Bb7 14.d5 Ne7 15.Nh4 c6 16.Rxf6 gxf6 
17.Qg4+ Kh7 18.Rf1 Ng6 19.Nf5 Rh8 20.dxc6 Bxc6 
21.Bxf7 Rg8 22.Qh5 1-0

[Event "HCL-C4035"]
[Site "www.playchess.de"]
[Date "2006.01.06"]
[Round "18"]
[White "foxcar"]
[Black "aussie"]
[WhiteElo "1137"]
[BlackElo "1080"]
[PlyCount "61"]
[Result "1-0"]

1.d4 {hi, good luck}  d5 2.Bf4 g6 {have a good 
game}  3.e3 a6 4.Bd3 Bg7 5.c3 Nf6 6.Nf3 Bg4 7.h3 
Bxf3 8.gxf3 Nc6 9.Qb3 Qc8 10.Bg5 O-O 11.Bxf6 Bxf6 
12.c4 dxc4 13.Qxc4 Qd7 14.h4 b5 15.Qc3 Rad8 16.Nd2 
e5 17.Ne4 Qe7 18.Qxc6 Qb4+ 19.Qc3 Qe7 20.Qc6 Bxh4 
21.Qxa6 Qb4+ 22.Kf1 f5 23.Qe6+ Kg7 24.Rxh4 fxe4 
25.Qxe5+ Kg8 26.Bxe4 Qc4+ 27.Kg2 c6 28.Rah1 Rde8 
29.Qg5 Qe6 30.R4xh7 Qf6 31.Qxf6 1-0

[Event "HCL-C4071"]
[Site "www.playchess.de"]
[Date "2006.01.06"]
[Round "10"]
[White "reinfeld"]
[Black "aussie"]
[WhiteElo "799"]
[BlackElo "1079"]
[PlyCount "54"]
[Result "0-1"]

1.Nf3 d5 2.d4 Bg4 3.Qd3 Nc6 4.e4 e5 5.exd5 Bxf3 
6.dxc6 Bxc6 7.dxe5 Qxd3 8.cxd3 O-O-O 9.f3 Bb5 
10.Bd2 Bxd3 11.Bxd3 Rxd3 12.f4 Ne7 13.g3 Nf5 
14.Nc3 Bb4 15.a3 Bc5 16.b4 Bd4 17.Ke2 Bxc3 18.Kxd3 
Bxa1 19.Rxa1 Rd8+ 20.Kc3 b5 21.Ra2 h6 22.Be1 Rd1 
23.Bf2 Rh1 24.Bxa7 Kb7 25.Bd4 c6 26.Bc5 g5 27.fxg5 
hxg5 0-1

[Event "HCL-C4056"]
[Site "www.playchess.de"]
[Date "2006.01.06"]
[Round "2"]
[White "atomino"]
[Black "reinfeld"]
[WhiteElo "1064"]
[BlackElo "800"]
[PlyCount "28"]
[Result "1-0"]

1.e4 d5 2.e5 {hallo...}  d4 3.Nf3 c5 {merry 
christmas to you}  4.a3 {thank you.....i'm from 
dresden.and we have no white christmas  :(}  e6 {i 
live in california....we have a green and 
sometimes rainy christmas}  5.d3 Qc7 6.c3 Nd7 
7.Bf4 b6 8.Qc2 Bb7 9.Nbd2 Bxf3 10.Nxf3 g6 11.cxd4 
Ne7 12.g4 Rc8 13.Rc1 Ng8 14.b4 
cxb4 1-0

[Event "HCL-C4071"]
[Site "www.playchess.de"]
[Date "2006.01.06"]
[Round "5"]
[White "reinfeld"]
[Black "Gordon"]
[WhiteElo "799"]
[BlackElo "961"]
[PlyCount "21"]
[Result "0-1"]

1.Nf3 d5 2.d4 Nc6 3.Qd3 g6 4.a3 Nf6 5.e3 Bg7 6.Qd1 
O-O 7.Bd3 Bg4 8.Qd2 Ne4 9.Bxe4 dxe4 10.Ne5 Nxe5 
11.b4 0-1

[Event "HCL-C4071"]
[Site "www.playchess.de"]
[Date "2006.01.06"]
[Round "2"]
[White "reinfeld"]
[Black "Idris"]
[WhiteElo "799"]
[BlackElo "878"]
[PlyCount "21"]
[Result "0-1"]

1.d4 d5 2.e3 e6 3.Nf3 Bd7 4.Bd3 Bd6 5.Qe2 Ne7 6.c4 
Bb4+ 7.Bd2 Nbc6 8.O-O Bxd2 9.Nbxd2 O-O 10.c5 b6 
11.b4 0-1

[Event "HCL-C4071"]
[Site "www.playchess.de"]
[Date "2006.01.06"]
[Round "1"]
[White "Idris"]
[Black "reinfeld"]
[WhiteElo "878"]
[BlackElo "799"]
[PlyCount "20"]
[Result "1-0"]

1.e4 d5 2.exd5 Qxd5 3.d4 e5 4.Ne2 e4 5.c3 f5 6.Nf4 
Qf7 7.Qh5 Qxh5 8.Nxh5 g6 9.Be2 Nc6 10.Nf4 
Bd7 1-0

[Event "HCL-A2510"]
[Site "www.playchess.de"]
[Date "2006.01.06"]
[Round "10"]
[White "taroak"]
[Black "A2557"]
[WhiteElo "1399"]
[BlackElo "1350"]
[PlyCount "41"]
[Result "1-0"]

1.e4 e5 2.Nf3 f5 3.Nxe5 Qf6 4.d4 d6 5.Nc4 fxe4 
6.Nc3 Qg6 7.Ne3 c6 8.Be2 Nf6 9.O-O d5 10.f3 exf3 
11.Bxf3 Be6 12.Ne2 Nbd7 13.Nf4 Qf7 14.Bd2 O-O-O 
15.c4 g5 16.Nxe6 Qxe6 17.cxd5 Nxd5 18.Nxd5 cxd5 
19.Bg4 Qg6 20.Bf5 Qg7 21.Ba5 1-0

[Event "ACL-T167"]
[Site "www.playchess.de"]
[Date "2006.01.06"]
[Round "21"]
[White "Goofy"]
[Black "Kimura"]
[WhiteElo "1923"]
[BlackElo "1804"]
[PlyCount "89"]
[Result "1/2-1/2"]

1.e4 c6 2.d4 d5 3.exd5 cxd5 4.c4 Nf6 5.Nc3 Nc6 
6.Nf3 e6 7.Bg5 Be7 8.c5 O-O 9.Bb5 h6 10.Bh4 Ne4 
11.Bxe7 Nxe7 12.Qc2 Qa5 13.Bd3 Nxc3 14.bxc3 Qc7 
15.O-O b6 16.c4 Bb7 17.cxd5 Bxd5 18.Ne5 bxc5 {I am 
sorry for didn't say hello before Goofy! How are 
you?}  19.Qxc5 {Hi, please call me Erik! ;o))}  
Rfc8 {Ok Erik, Its a pleasure to play with you 
again!}  20.Rfc1 {Julio, the pleasure is mine! 
;o))}  Qd8 21.Qa3 a5 22.Rc5 Rxc5 23.dxc5 Nc6 
24.Nxc6 Bxc6 25.Rd1 Qh4 26.Bf1 Bd5 27.Rc1 Qd8 
28.c6 Qc7 29.Be2 Rc8 30.Bf3 Qb6 31.Bxd5 exd5 
32.Qc5 Qxc5 33.Rxc5 a4 34.g4 Kf8 35.a3 Ke7 36.Rxd5 
Rxc6 37.Rd4 Ra6 {(offering draw)}  38.f4 {Its 
probably a draw!? But I think I'm still slightly 
better. Lets play a few more moves!? ;o))}  Kf6 
39.h4 h5 40.g5+ Kf5 41.Kg2 Kg4 42.Rd7 Kxf4 
43.Rxf7+ Kg4 44.Rxg7 Kxh4 45.g6 {(offering draw)} 
 1/2-1/2

[Event "HCL-C4049"]
[Site "www.playchess.de"]
[Date "2006.01.06"]
[Round "8"]
[White "tusnelda"]
[Black "Farquhart"]
[WhiteElo "1187"]
[BlackElo "515"]
[PlyCount "57"]
[Result "1-0"]

1.e4 e5 2.Nf3 Nf6 3.Nc3 Nc6 4.Bc4 Na5 5.Be2 Bc5 
6.Nxe5 d6 7.Nf3 Ng4 8.d4 Bb6 9.Bg5 f6 10.Bf4 g5 
11.Bg3 c5 12.dxc5 Bxc5 13.Nd5 h5 14.h3 h4 15.hxg4 
Bxg4 16.Bb5+ Nc6 17.Qd3 Kd7 18.O-O-O a6 19.Bxc6+ 
bxc6 20.Nc3 Qb6 21.Bxd6 Bxd6 22.Qxd6+ Kc8 23.Qxf6 
Rb8 24.Qxh8+ Kb7 25.Qd4 Qc7 26.Na4 Qf4+ 27.Rd2 
Bxf3 28.Qb6+ Ka8 29.Qxa6+ 1-0

[Event "HCL-A2529"]
[Site "www.playchess.de"]
[Date "2006.01.06"]
[Round "19"]
[White "taroak"]
[Black "pawnstorm"]
[WhiteElo "1458"]
[BlackElo "1529"]
[PlyCount "42"]
[Result "0-1"]

1.c4 Nf6 2.g3 c6 3.Bg2 d5 4.cxd5 cxd5 5.Nf3 Nc6 
6.d3 Bf5 7.O-O e6 8.Bg5 Be7 9.Nbd2 O-O 10.Rc1 h6 
11.Bxf6 Bxf6 12.e4 Bh7 13.Re1 Qc7 14.e5 Be7 15.Nd4 
Rac8 16.Qg4 Qb6 17.Nxe6 fxe6 18.Qxe6+ Kh8 19.Bxd5 
Qxf2+ 20.Kh1 Bf5 21.Ne4 Bxe6 0-1

[Event "HCL-A2505"]
[Site "www.playchess.de"]
[Date "2006.01.06"]
[Round "20"]
[White "jjn2"]
[Black "taroak"]
[WhiteElo "1741"]
[BlackElo "1425"]
[PlyCount "47"]
[Result "1-0"]

1.e4 c5 2.Nc3 g6 3.Nf3 Bg7 4.d4 cxd4 5.Nxd4 Nc6 
6.Be3 Nf6 7.Nxc6 bxc6 8.e5 Nd5 9.Nxd5 cxd5 10.Qxd5 
Rb8 11.Bc4 O-O 12.O-O Rxb2 13.Bb3 Qc7 14.Bd4 Bb7 
15.Qb5 Bc6 16.Bxf7+ Rxf7 17.Qxb2 Rf4 18.Rad1 Rg4 
19.f3 Rg5 20.e6 Bxd4+ 21.Rxd4 Rh5 22.Rb4 Qxh2+ 
23.Kf2 Rg5 24.Rb8+ 1-0

[Event "HCL-A2397"]
[Site "www.playchess.de"]
[Date "2006.01.06"]
[Round "8"]
[White "kali"]
[Black "Andy1"]
[WhiteElo "1338"]
[BlackElo "1527"]
[PlyCount "84"]
[Result "0-1"]

1.e4 d5 2.exd5 Nf6 3.Nc3 Nxd5 4.Nxd5 Qxd5 5.Nf3 
Bg4 6.Be2 Nc6 7.h3 Bh5 8.O-O e6 9.c4 Qd6 10.b3 Be7 
11.Bb2 O-O 12.Qc2 Rad8 13.Rad1 Bxf3 14.Bxf3 Nb4 
15.Qb1 c6 16.d4 Bf6 17.a3 Na6 18.c5 Qe7 19.b4 Nc7 
20.a4 Nd5 21.Bxd5 Rxd5 22.Rd3 Rfd8 23.Rfd1 h6 
24.Qc2 Qc7 25.Qe2 R8d7 26.Qf3 Rf5 27.Qe4 Qd8 
28.Qe2 Bh4 29.Rf3 Rxf3 30.Qxf3 Rd5 31.Qg4 h5 
32.Qe4 Qf6 33.Rd2 Qd8 34.g3 Bf6 35.Kf1 g6 36.f4 
Bg7 37.g4 Qh4 38.Kg2 hxg4 39.hxg4 Qxg4+ 40.Kf2 Rf5 
41.Qe3 Rxf4+ 42.Ke1 Re4 0-1

[Event "HCL-A2529"]
[Site "www.playchess.de"]
[Date "2006.01.06"]
[Round "9"]
[White "CYTO"]
[Black "carrillero"]
[WhiteElo "1307"]
[BlackElo "1598"]
[PlyCount "42"]
[Result "0-1"]

1.e4 {Hello from Tennessee, USA}  c5 {Hi, good 
luck}  2.Nf3 Nc6 3.d4 cxd4 4.Nxd4 d6 5.Bb5 Bd7 
6.Nxc6 Bxc6 7.Bxc6+ bxc6 8.Nc3 e6 9.b3 Nf6 10.Bb2 
Be7 11.Qf3 O-O 12.O-O-O d5 13.h4 Nd7 14.Qg4 Bf6 
15.exd5 cxd5 16.Nb5 Bxb2+ 17.Kxb2 Qb6 18.Nd4 Rac8 
19.f4 Rc4 20.f5 e5 21.Ne2 Rxg4 0-1

[Event "HCL-M864"]
[Site "www.playchess.de"]
[Date "2006.01.06"]
[Round "5"]
[White "aldo"]
[Black "Gleis3"]
[WhiteElo "1869"]
[BlackElo "2025"]
[PlyCount "42"]
[Result "0-1"]

1.d4 Nf6 2.c4 e6 3.Nf3 c5 4.d5 d6 5.Nc3 exd5 
6.cxd5 Be7 7.g3 O-O 8.Bg2 a6 9.a4 Nbd7 10.O-O b6 
11.h3 Rb8 12.Rb1 b5 13.axb5 axb5 14.b4 Qc7 15.Qd3 
cxb4 16.Rxb4 Ne5 17.Nxe5 dxe5 18.Rb3 b4 19.Nb1 Bd7 
20.Rd1 Ba4 21.d6 Qxd6 0-1

[Event "HCL-C3898"]
[Site "www.playchess.de"]
[Date "2006.01.06"]
[Round "3"]
[White "desanturat"]
[Black "Milosforman"]
[WhiteElo "800"]
[BlackElo "1052"]
[PlyCount "83"]
[Result "1-0"]

1.e4 {good luck}  e5 2.Nf3 Nc6 3.Bb5 a6 4.Ba4 Bc5 
5.O-O b5 6.Bb3 a5 7.c3 a4 8.Bc2 Ba6 9.d4 Be7 10.d5 
Na5 11.Nxe5 h6 12.Qh5 g6 13.Qf3 Bf6 14.Ng4 h5 
15.Ne3 b4 16.Rd1 bxc3 17.Nxc3 Bxc3 18.bxc3 Qf6 
19.Qg3 h4 20.Qxc7 Bb7 21.e5 Qf4 22.Nc4 Qxc4 
23.Qxc4 Nxc4 24.Bg5 Rh5 25.Bf4 g5 26.Bc1 g4 27.e6 
dxe6 28.dxe6 fxe6 29.Bg6+ Ke7 30.Bxh5 Nf6 31.Bg5 
g3 32.hxg3 Nb2 33.Rd4 Ra5 34.gxh4 Rd5 35.Rb4 Rd1+ 
36.Rxd1 Be4 37.Rxb2 a3 38.Rb8 Bc2 39.Rd2 Bf5 
40.Rb7+ Kf8 41.Rd8+ Ne8 42.Rxe8+ 1-0

[Event "HCL-B3759"]
[Site "www.playchess.de"]
[Date "2006.01.06"]
[Round "9"]
[White "bossjos"]
[Black "newplayer"]
[WhiteElo "1262"]
[BlackElo "1051"]
[PlyCount "77"]
[Result "1-0"]

1.e4 d5 2.exd5 Qxd5 3.Nc3 Qe5+ 4.Qe2 Qxe2+ 5.Bxe2 
e5 6.Nf3 f6 7.O-O c6 8.d3 Bb4 9.Bd2 Bxc3 10.Bxc3 
Ne7 11.Rad1 Nd5 12.Bd2 Bg4 13.h3 Bxf3 14.Bxf3 O-O 
15.Rfe1 a5 16.a3 Nd7 17.Bg4 Rfd8 18.f4 b5 19.Bxd7 
Rxd7 20.fxe5 fxe5 21.Rxe5 Re7 22.Rxe7 Nxe7 23.Re1 
Re8 24.Bg5 Kf7 25.Bxe7 Rxe7 26.Rxe7+ Kxe7 27.Kf2 
Ke6 28.Ke3 Ke5 29.g3 g5 30.b3 c5 31.g4 h6 32.c3 
Kd5 33.d4 a4 34.dxc5 Kxc5 35.bxa4 bxa4 36.Kd3 Kd5 
37.c4+ Ke5 38.Ke3 Kd6 39.Kd4 1-0

[Event "HCL-A2450"]
[Site "www.playchess.de"]
[Date "2006.01.06"]
[Round "8"]
[White "tuGGy"]
[Black "sparpaket"]
[WhiteElo "1552"]
[BlackElo "1593"]
[PlyCount "100"]
[Result "0-1"]

1.g4 d5 2.Bg2 e5 3.c4 c6 4.cxd5 cxd5 5.Qb3 Nf6 
6.g5 Ne4 7.d3 Nxg5 8.Bxd5 Be6 9.Bxe6 Nxe6 10.Qxb7 
Nd7 11.Nc3 Bc5 12.Nf3 O-O 13.h4 Rb8 14.Qd5 Qc7 
15.Ne4 Rb5 16.Qc4 Rfb8 17.O-O R5b4 18.Qd5 Be7 
19.a3 R4b5 20.Qa2 Nd4 21.Nxd4 exd4 22.b4 Bxh4 
23.f4 a5 24.Bd2 Qc6 25.Rf3 Nf6 26.a4 Rh5 27.b5 Qb6 
28.Kg2 Nd5 29.Rc1 Qg6+ 30.Ng5 Ne3+ 31.Bxe3 dxe3 
32.Qxf7+ Qxf7 33.Nxf7 Kxf7 34.Rxe3 Rb7 35.Rh3 Rh6 
36.Kf3 Re7 37.e4 Rd7 38.Rc3 Bf6 39.Rxh6 Bxc3 
40.Rc6 Bb4 41.Ke3 Rb7 42.e5 h5 43.b6 Ke8 44.d4 Be7 
45.f5 Bd8 46.d5 Rxb6 47.Re6+ Kf7 48.d6 Bg5+ 49.Kf3 
Rb4 50.Rg6 Rf4+ 0-1

[Event "HCL-B3775"]
[Site "www.playchess.de"]
[Date "2006.01.06"]
[Round "5"]
[White "nichju"]
[Black "PANDURANGAIAH"]
[WhiteElo "1003"]
[BlackElo "1086"]
[PlyCount "45"]
[Result "1-0"]

1.e4 e5 2.Nf3 Nc6 3.Nc3 Nf6 4.Bb5 d6 5.d3 Bd7 
6.Bg5 Be7 7.O-O O-O 8.Qd2 Nb8 9.Bxd7 Qxd7 10.Nd5 
Nxd5 11.exd5 Bxg5 12.Nxg5 h6 13.Nf3 f5 14.Rae1 Na6 
15.Nh4 Kh7 16.Qe3 Nc5 17.d4 exd4 18.Qxd4 Qd8 19.b4 
Nd7 20.Qf4 Qf6 21.Re6 Qb2 22.Nxf5 Qxc2 
23.Rxh6+ 1-0

[Event "HCL-A2528"]
[Site "www.playchess.de"]
[Date "2006.01.06"]
[Round "8"]
[White "guanzi"]
[Black "pegasus"]
[WhiteElo "1625"]
[BlackElo "1147"]
[PlyCount "49"]
[Result "1-0"]

1.c4 e5 {hello from england}  2.Nc3 {hi from 
sweden and good luck.}  Nf6 3.g3 d5 4.cxd5 Nxd5 
5.Bg2 Bf5 6.Bxd5 e4 7.Bxb7 Nd7 8.Bxa8 Qxa8 9.Qa4 
Bd6 10.Nb5 e3 11.f3 O-O 12.Nxd6 cxd6 13.dxe3 Nc5 
14.Qf4 Bc2 15.Qxd6 Na4 16.Kf2 g5 17.b3 Nc3 18.Qc5 
Rc8 19.Qxg5+ Bg6 20.Bb2 Qc6 21.Rc1 Ne4+ 22.fxe4 
Qe6 23.Rxc8+ Qxc8 24.Qf6 Kf8 25.Qh8+ 1-0

[Event "HCL-C4052"]
[Site "www.playchess.de"]
[Date "2006.01.06"]
[Round "6"]
[White "Kiwi_NZ"]
[Black "RUDI"]
[WhiteElo "800"]
[BlackElo "1282"]
[PlyCount "57"]
[Result "1-0"]

1.f4 {Rudi,Good luck,have fun}  e6 {Hello Kiwi, 
same to you!}  2.Nf3 Nc6 3.e3 d5 4.d4 Bd6 5.Bd3 
Nf6 6.O-O O-O 7.c4 b6 8.Qc2 Nb4 9.Qc3 a5 10.a3 Nc6 
11.cxd5 Ne7 12.dxe6 fxe6 13.e4 Ng4 14.e5 Nd5 
15.Qc6 Bd7 16.Qc2 Be7 17.Bxh7+ Kh8 18.Re1 Nxf4 
19.Bxf4 Rxf4 20.Nc3 Qf8 21.Ne2 Rxf3 22.gxf3 Qxf3 
23.Ng3 Bc6 24.Be4 Qf8 25.Bxc6 Rd8 26.Ref1 Qg8 
27.Qe4 Rf8 28.Qxg4 Qh7 29.Be4 1-0

[Event "HCL-B3771"]
[Site "www.playchess.de"]
[Date "2006.01.06"]
[Round "18"]
[White "GMO"]
[Black "newplayer"]
[WhiteElo "1312"]
[BlackElo "1113"]
[PlyCount "113"]
[Result "1-0"]

1.e4 d5 2.exd5 Qxd5 3.Nc3 Qd8 4.Bc4 Nf6 5.Qf3 a6 
6.d3 Nc6 7.Qd1 e6 8.Nf3 Nd4 9.Nxd4 Bb4 10.Bd2 Qxd4 
11.Be3 Bxc3+ 12.bxc3 Qe5 13.d4 Qa5 14.Bd2 Ne4 
15.O-O Nxd2 16.Qxd2 b5 17.Bb3 Bb7 18.Qe3 O-O 19.c4 
b4 20.c5 Rad8 21.Rac1 Bd5 22.Rca1 Bxb3 23.axb3 Qb5 
24.Ra4 Rda8 25.Rfa1 Rfe8 26.R4a5 Qc6 27.Qd3 Red8 
28.R5xa6 Rxa6 29.Rxa6 Qb7 30.h3 e5 31.Qe2 exd4 
32.Qe7 Qc8 33.Ra4 Re8 34.Qh4 Qf5 35.Rxb4 Qxc2 
36.Rxd4 g6 37.b4 Qf5 38.Qf4 Qc8 39.Qh6 c6 40.Qc1 
Qc7 41.Qa1 Qe5 42.Rd1 Qf4 43.Rd4 Qb8 44.Qb1 f5 
45.f3 Re3 46.Kf2 Qe5 47.Qa2+ Kg7 48.Rd2 f4 49.Re2 
Qd4 50.Rxe3 Qxb4 51.Qa1+ Kh6 52.Re5 g5 53.Re6+ Kh5 
54.Rxc6 Qd2+ 55.Kg1 Qd5 56.Rc7 Qd4+ 
57.Qxd4 1-0

[Event "HCL-C4018"]
[Site "www.playchess.de"]
[Date "2006.01.06"]
[Round "2"]
[White "IRONMAIDEN"]
[Black "Milosforman"]
[WhiteElo "1525"]
[BlackElo "926"]
[PlyCount "61"]
[Result "1-0"]

1.e4 c5 2.Bc4 e6 3.d3 {hi, what about the other 
game we have?}  d6 {which one?}  4.Nc3 {C-3982-13 
move 23 already, some days ago}  Be7 {i see.. what 
abt that game? u have got best chances to win... 
anything particular to evidence?}  5.Nf3 {I will 
win, alright. 20 moves to go...
}  Nf6 6.O-O h6 7.Be3 Nc6 8.d4 cxd4 9.Bxd4 Nxd4 
10.Qxd4 e5 11.Qd3 Bg4 12.Bb5+ Nd7 13.Nd2 a6 14.Bc4 
b5 15.Bd5 Ra7 16.Nd1 Bxd1 17.Raxd1 O-O 18.b3 Nc5 
19.Qe2 Bg5 20.Nf3 Qf6 21.Nxg5 hxg5 22.f3 Qh6 23.c4 
b4 24.g3 Re7 25.Qd2 a5 26.Rda1 Kh8 27.Qc2 f6 
28.Rf2 Ra7 29.h3 Qxh3 30.Rh2 Qxh2+ 
31.Qxh2+ 1-0

[Event "HCL-B3797"]
[Site "www.playchess.de"]
[Date "2006.01.06"]
[Round "5"]
[White "foinaven"]
[Black "spartan1"]
[WhiteElo "1453"]
[BlackElo "908"]
[PlyCount "40"]
[Result "0-1"]

1.d4 d5 2.c4 Nf6 3.Nf3 Nc6 4.Nc3 b6 5.e3 Bg4 6.h3 
Bxf3 7.Qxf3 e6 8.b3 Bb4 9.e4 dxe4 10.Qe3 Nxd4 
11.Qd2 O-O 12.a3 Nxb3 13.Qxd8 Raxd8 14.Rb1 Bxc3+ 
15.Ke2 Nd4+ 16.Ke3 Nc2+ 17.Ke2 Nd4+ 18.Ke3 Rd6 
19.a4 a5 20.Ba3 Nc2+ 0-1

[Event "HCL-M872"]
[Site "www.playchess.de"]
[Date "2006.01.06"]
[Round "9"]
[White "Pitch"]
[Black "Bauarbeiter"]
[WhiteElo "2037"]
[BlackElo "1832"]
[PlyCount "43"]
[Result "1-0"]

1.e4 e5 {Hi. nice to meet you. Good luck.}  2.Nf3 
Nc6 3.Bb5 a6 4.Ba4 Nf6 5.O-O Be7 6.Re1 d6 7.c3 Bg4 
8.d3 O-O 9.h3 Bxf3 10.Qxf3 b5 11.Bb3 h6 12.Be3 Nh7 
13.Bd5 Qd7 14.Qg4 Qxg4 15.hxg4 Na5 16.Bxa8 Rxa8 
17.b4 Nb7 18.a4 c6 19.axb5 cxb5 20.Re2 Bd8 21.Rea2 
a5 22.Na3 1-0

[Event "ACL-A652"]
[Site "www.playchess.de"]
[Date "2006.01.06"]
[Round "7"]
[White "Shevarnadse"]
[Black "Vasudevan"]
[WhiteElo "1689"]
[BlackElo "1500"]
[PlyCount "67"]
[Result "1-0"]

1.d4 {Hi! Good Luck!}  d5 2.c4 dxc4 3.e3 b5 4.a4 
c6 5.axb5 cxb5 6.Qf3 Nd7 7.Qxa8 a6 8.Rxa6 Bxa6 
9.Qxa6 Qb8 10.Nc3 e6 11.Qxb5 Qxb5 12.Nxb5 Nb6 
13.Nf3 Bb4+ 14.Bd2 Be7 15.Ba5 Na4 16.Ne5 Nxb2 
17.Nc7+ Kd8 18.Nxe6+ Kc8 19.Nxf7 Kd7 20.Nxg7 Bf6 
21.Nh5 h6 22.Nxf6+ Ke7 23.Nxh8 Kxf6 24.d5 Kg7 
25.Bc3+ Nf6 26.Bxb2 Kxh8 27.Bxf6+ Kh7 28.d6 Kg6 
29.d7 Kxf6 30.d8Q+ Kg6 31.Qf8 c3 32.Bd3+ Kg5 
33.Qf5+ Kh4 34.g3+ 1-0

[Event "HCL-C3991"]
[Site "www.playchess.de"]
[Date "2006.01.06"]
[Round "7"]
[White "Farquhart"]
[Black "Nutz"]
[WhiteElo "392"]
[BlackElo "1127"]
[PlyCount "69"]
[Result "1-0"]

1.d4 e6 {Hello}  2.e4 d5 3.exd5 Qxd5 4.Nc3 Bb4 
5.a3 Bxc3+ 6.bxc3 Qe4+ 7.Qe2 Qc6 8.Rb1 Qxc3+ 9.Qd2 
Qc6 10.Bb5 Bd7 11.Bxc6 Bxc6 12.Nf3 Nf6 13.h4 O-O 
14.a4 Ne4 15.Qf4 Nc3 16.Rb3 Nd5 17.Qg4 g6 18.Ne5 
Nf6 19.Qg5 Nbd7 20.Ba3 Rfd8 21.Nxd7 Ne4 22.Nf6+ 
Nxf6 23.Qxf6 e5 24.Be7 Rxd4 25.h5 Bxg2 26.Rg1 Re4+ 
27.Kd2 Rg4 28.Rxb7 gxh5 29.Rxc7 Rg6 30.Qf5 Bh3 
31.Qxh5 Rxg1 32.Qxh3 Kh8 33.Bf6+ Rg7 34.Rc8+ Rxc8 
{well done}  35.Qxc8+ 1-0

[Event "HCL-M871"]
[Site "www.playchess.de"]
[Date "2006.01.06"]
[Round "10"]
[White "Hamburger"]
[Black "Cramneck"]
[WhiteElo "1862"]
[BlackElo "1928"]
[PlyCount "36"]
[Result "0-1"]

1.d4 {Hi. Nice to meet you again. Good luck.}  g6 
{Thank you. The same to you.}  2.c4 Nf6 3.Nf3 Bg7 
4.Nc3 O-O 5.Bg5 d6 6.e4 h6 7.Bxf6 Bxf6 8.Bd3 Nc6 
9.Bc2 Bg4 10.d5 Nd4 11.h3 Bxf3 12.gxf3 c6 13.f4 
Qa5 14.Qd3 cxd5 15.exd5 Nxc2+ 16.Qxc2 Rac8 17.Rg1 
Rxc4 18.Rg3 Rfc8 0-1

[Event "HCL-E1533"]
[Site "www.playchess.de"]
[Date "2006.01.06"]
[Round "5"]
[White "Matu"]
[Black "BohdanL"]
[WhiteElo "1553"]
[BlackElo "1466"]
[PlyCount "63"]
[Result "1-0"]

1.e4 e6 2.d4 d5 3.e5 c5 4.c3 Nc6 5.f4 Qb6 6.dxc5 
Bxc5 7.Nf3 Be3 8.g3 Nh6 9.Bxe3 Qxe3+ 10.Qe2 Nf5 
11.Qxe3 Nxe3 12.Kd2 Ng4 13.Bb5 Bd7 14.Bxc6 Bxc6 
15.Nd4 Nf2 16.Rf1 Ne4+ 17.Ke3 Rc8 18.Nxc6 Rxc6 
19.Nd2 Nc5 20.b3 O-O 21.c4 dxc4 22.Nxc4 b6 23.Rfd1 
g6 {(offering draw)}  24.Nd6 Rd8 25.Rd2 f6 26.Rad1 
fxe5 27.fxe5 Nd7 28.Nb7 Rc3+ 29.Ke2 Rb8 30.R2xd7 
Rc2+ 31.R1d2 Rxd2+ 32.Kxd2 1-0

[Event "HCL-B3651"]
[Site "www.playchess.de"]
[Date "2006.01.06"]
[Round "21"]
[White "Milosforman"]
[Black "joleti"]
[WhiteElo "999"]
[BlackElo "1500"]
[PlyCount "70"]
[Result "0-1"]

1.d4 Nf6 2.c4 c5 3.d5 b5 4.e3 d6 5.cxb5 a6 6.bxa6 
Bxa6 7.Bxa6 Qa5+ 8.Qd2 Qxa6 9.Nc3 g6 10.Nf3 Bg7 
11.a4 O-O 12.Nb5 Rc8 13.O-O Nbd7 14.b4 Nxd5 15.Bb2 
Bxb2 16.Ra2 Nxb4 17.Rxb2 Qxa4 18.Nc3 Qa6 19.Nd5 
Nxd5 20.Rbb1 N7f6 21.Qb2 Nb4 22.Rba1 Qb6 23.Rxa8 
Rxa8 24.Qc3 Ra2 25.Rb1 Nfd5 26.Qb3 Qa7 27.e4 Ra3 
28.Qc4 Ra1 29.Rxa1 Qxa1+ 30.Qf1 Qxf1+ 31.Kxf1 Nf6 
32.Ke2 Nxe4 33.Nd2 Nxd2 34.Kxd2 d5 35.f3 d4 
{PLease resign. You have no hope in this game.} 
 0-1

[Event "HCL-C3880"]
[Site "www.playchess.de"]
[Date "2006.01.06"]
[Round "7"]
[White "daveboy6968"]
[Black "Milosforman"]
[WhiteElo "1011"]
[BlackElo "1113"]
[PlyCount "87"]
[Result "1-0"]

1.d4 {good luck :-)}  d5 2.f4 e6 3.Nc3 Bb4 4.Bd2 
a5 5.a4 Bd7 6.e3 Ne7 7.Nf3 Nbc6 8.g3 f6 9.Be2 O-O 
10.O-O Bxc3 11.Bxc3 Nb4 12.Bxb4 axb4 13.b3 c6 
14.g4 f5 15.g5 Ng6 16.h4 b5 17.axb5 Rxa1 18.Qxa1 
Qe7 19.b6 Bc8 20.c3 bxc3 21.Qxc3 h6 22.b4 hxg5 
23.fxg5 Qb7 24.Qc5 Rf7 25.Nd2 f4 26.exf4 Nxf4 
27.Bf3 Nd3 28.Qa5 Rf4 29.b5 cxb5 30.Qxb5 Qa6 
31.Qe8+ Rf8 32.Qc6 Nb4 33.Qc7 Qb7 34.Rc1 Qxc7 
35.Rxc7 Rf7 36.Rxc8+ Kh7 37.Bg4 e5 38.dxe5 Rf4 
39.Bf3 d4 40.Rc4 Nd3 41.h5 Ne1 42.Kf2 Nxf3 43.Nxf3 
g6 44.h6 1-0

[Event "HCL-C4013"]
[Site "www.playchess.de"]
[Date "2006.01.06"]
[Round "19"]
[White "Milosforman"]
[Black "nico21"]
[WhiteElo "937"]
[BlackElo "1200"]
[PlyCount "44"]
[Result "0-1"]

1.d4 d5 2.Nf3 e6 3.e3 Nf6 4.Bd3 c5 5.dxc5 Bxc5 
6.Bd2 Qb6 7.b3 Nc6 8.a3 e5 9.Qe2 e4 10.Bxe4 dxe4 
11.Ng5 h6 12.Nh3 Bg4 13.f3 exf3 14.gxf3 Bxh3 
15.Nc3 O-O-O 16.Rg1 g5 17.b4 Bd6 18.b5 Ne5 19.a4 
Bb4 20.f4 gxf4 21.exf4 Qxg1+ 22.Qf1 
Qxf1+ 0-1

[Event "HCL-B3739"]
[Site "www.playchess.de"]
[Date "2006.01.06"]
[Round "10"]
[White "saravanan"]
[Black "RUDI"]
[WhiteElo "1200"]
[BlackElo "1300"]
[PlyCount "72"]
[Result "1/2-1/2"]

1.e4 e5 {Hi from Germany!}  2.Nf3 {Hello I am from 
India
}  Nc6 3.Nc3 Nf6 4.Bc4 Bc5 5.O-O O-O 6.d3 {All The 
Best}  d6 7.h3 a6 8.Be3 b5 9.Bb3 Nd4 10.Bxd4 exd4 
11.Ne2 Nh5 12.Nexd4 Bxd4 13.Nxd4 Nf4 14.Qf3 Qg5 
15.Kh1 c5 16.Ne2 Nxe2 17.Qxe2 Kh8 18.f4 Qh6 19.Qf3 
f5 20.e5 Be6 21.Bxe6 Qxe6 22.exd6 Qxd6 23.Rae1 Ra7 
24.Re5 Re7 25.Rfe1 Rxe5 26.Rxe5 g6 27.g4 fxg4 
28.Qxg4 Qc6+ 29.Kh2 Qd6 30.Kg3 Qd4 31.b3 Qg1+ 
32.Kh4 Qf2+ 33.Kg5 Qd4 34.Re4 Qf6+ 35.Kh6 Qg7+ 
36.Kg5 Qf6+ {(offering draw)}  1/2-1/2

[Event "HCL-E1451"]
[Site "www.playchess.de"]
[Date "2006.01.06"]
[Round "4"]
[White "pascificblue"]
[Black "UGY"]
[WhiteElo "2002"]
[BlackElo "1808"]
[PlyCount "52"]
[Result "0-1"]

1.e4 c5 2.Nc3 Nc6 3.g3 d6 4.Bg2 g6 5.d3 Bg7 6.f4 
Nf6 7.Nf3 O-O 8.O-O Qb6 9.Kh1 Be6 10.h3 Rae8 11.g4 
Bc8 12.f5 Bd7 13.Qe1 h6 14.g5 hxg5 15.Nxg5 e6 
16.fxg6 fxg6 17.Qh4 Nh5 18.Rxf8+ Rxf8 19.Bf3 c4 
20.Bd2 Qxb2 21.Rg1 Qxc2 22.Bxh5 Qxd2 23.Bxg6 Rf2 
24.Qh7+ Kf8 25.Nf3 {(offering draw)}  Rxf3 26.Bf5 
Qxc3 0-1

[Event "HCL-E1502"]
[Site "www.playchess.de"]
[Date "2006.01.06"]
[Round "8"]
[White "Dutchin"]
[Black "Andy1"]
[WhiteElo "1657"]
[BlackElo "1425"]
[PlyCount "47"]
[Result "1/2-1/2"]

1.e4 {Hello again}  d5 2.exd5 Nf6 3.c4 c6 4.d4 
cxd5 5.Nc3 e6 6.Nf3 Be7 7.cxd5 Nxd5 8.Bd3 O-O 
9.O-O Nc6 10.Re1 Bf6 11.Bb5 Nce7 12.Bg5 h6 13.Bxf6 
Nxf6 14.Rc1 a6 15.Bd3 Bd7 16.Ne5 Nc6 17.Nxc6 Bxc6 
18.Be2 Rc8 19.Bf3 Bxf3 20.Qxf3 Qd7 21.Rcd1 Rfd8 
22.Rd3 Qc6 23.Qxc6 Rxc6 24.Red1 {(offering draw)} 
 1/2-1/2